| 000 | 01691cam a2200385 a 4500 | ||
|---|---|---|---|
| 999 |
_c26341 _d26341 |
||
| 001 | 655419 | ||
| 003 | OSt | ||
| 005 | 20170204091922.0 | ||
| 008 | 940309s1994 sp a bc 000 0 eng d | ||
| 010 | _a 94060248 | ||
| 020 | _a0300058632 (cloth) | ||
| 020 | _a0300058640 (pbk.) | ||
| 035 | _a(OCoLC)30100808 | ||
| 040 |
_aOCA _cOCA _dIU _dDLC |
||
| 042 | _alccopycat | ||
| 050 | 0 | 0 | _aND813.G7A4 1994 |
| 082 | 0 | 0 |
_a759.6 _220 |
| 100 | 1 |
_aWilson-Bareau, Juliet. _d1994 |
|
| 245 | 1 | 0 |
_aGoya : _btruth and fantasy : the small paintings / _cexhibition curated by Juliet Wilson-Bareau, Manuela B. Mena Marqués. |
| 260 |
_aMadrid : _bMuseo del Prado ; _aLondon : _bRoyal Academy of Arts ; _aChicago : _bArt Institute of Chicago, _c1994. |
||
| 300 |
_a384 p. : _bill. (some col.) ; _c30 cm. |
||
| 500 | _aIncludes bibliographical references | ||
| 600 | 1 | 0 |
_aGoya, Francisco, _d1746-1828 _xExhibitions. |
| 700 | 1 | _aMena, Manuela. | |
| 710 | 2 | _aMuseo del Prado. | |
| 710 | 2 | _aRoyal Academy of Arts (Great Britain) | |
| 710 | 2 | _aArt Institute of Chicago. | |
| 906 |
_a7 _bcbc _ccopycat _d2 _eopcn _f19 _gy-gencatlg |
||
| 942 |
_2lcc _cBOOKS _hND813.G7A4 1994 _k33966 |
||